000
00258nam a2200109Ia 4500
008
231212s2001 xx 000 0 und d
041
_a
eng
082
_a
623.395
100
_a
Andrew S. T.
245
_a
Computer Networks
260
_a
New Delhi
_b
Prentic
_c
2001
999
_c
964782
_d
964782